header

Performance and femininity in eighteenth-century German women's writing (Record no. 245359)

MARC details
000 -LEADER
fixed length control field 01610nam a22003854a 4500
082 04 - DEWEY DECIMAL CLASSIFICATION NUMBER
Classification number 830.9/928709033
100 1# - MAIN ENTRY--AUTHOR NAME
Personal name Arons, Wendy,
245 10 - TITLE STATEMENT
Title Performance and femininity in eighteenth-century German women's writing
250 ## - EDITION STATEMENT
Edition statement 1st ed.
260 ## - PUBLICATION, DISTRIBUTION, ETC. (IMPRINT)
Place of publication New York :
Name of publisher Palgrave Macmillan,
Year of publication 2006.
300 ## - PHYSICAL DESCRIPTION
Number of Pages x, 270 p.
490 1# - SERIES STATEMENT
Series statement Palgrave studies in theatre and performance history
650 #0 - SUBJECT ADDED ENTRY--TOPICAL TERM
Topical Term Women authors, German
Topical Term German literature
Topical Term German literature
Topical Term Performance in literature.
Topical Term Femininity in literature.
856 40 - ELECTRONIC LOCATION AND ACCESS
Uniform Resource Identifier http://site.ebrary.com/lib/rucke/Doc?id=10158086

No items available.

© 2026 Rongo University
Contact us: librarian | system librarian | Rongo university